IT Governance a realizácia investícií do IT

IT Governance v podnikoch. Investície do informačných a komunikačných technológií v podniku. Výber dodávateľa. Problém licencie. Moderné spôsoby výberu dodávateľa a realizácie investícií do IT.

Gespeichert in:
Bibliographische Detailangaben
1. Verfasser: Ševčík, Jakub, 1995-
Weitere Verfasser: Romanová, Anita, 1973-
Format: Buchkapitel
Sprache:Slowakisch
Schlagworte:
Tags: Tag hinzufügen
Keine Tags, Fügen Sie das erste Tag hinzu!

MARC

LEADER 00000naa$a2200000$$$4500
001 0262460
005 20240502074156.0
041 0 |a slo 
044 |a SK 
245 1 0 |a IT Governance a realizácia investícií do IT  |c Jakub Ševčík, Anita Romanová 
520 |a IT Governance v podnikoch. Investície do informačných a komunikačných technológií v podniku. Výber dodávateľa. Problém licencie. Moderné spôsoby výberu dodávateľa a realizácie investícií do IT. 
610 2 0 |a technológie informačné 
610 2 0 |a technológie komunikačné 
610 2 0 |a investície 
610 2 0 |a financie 
610 2 0 |a dodávatelia 
610 2 0 |a obchod elektronický 
610 2 0 |a internet 
100 1 |a Ševčík, Jakub, 1995- 
700 1 |a Romanová, Anita, 1973-